LE SYNDICALISME DANS LE MONDE

Guardat en:
Dades bibliogràfiques
Autor principal: Lefranc, Georges (autor)
Format: Llibre
Col·lecció:" QUE SAIS-JE ? 356
Etiquetes: Afegir etiqueta
Sense etiquetes, Sigues el primer a etiquetar aquest registre!

MARC

LEADER 00000nam^a2200000^a^4500
001 000214168
005 20250521000000.0
009 20260310103547.754
035 |a 037158 
037 |a Acervo Xavier Clavigero 
082 |a 398. 0 LEF 
100 |a Lefranc, Georges  |e (autor) 
245 1 3 |a LE SYNDICALISME DANS LE MONDE 
264 |a PARIS :  |b PRESSES UNIVERSITAIRES DE FRANCE,  |c 1971 
300 |a 126p. 
336 |a texto  |b txt  |2 rdacontenido 
337 |a sin mediación  |b n  |2 rdamedio 
338 |a volumen  |b nc  |2 rdasoporte 
440 |a " QUE SAIS-JE ? 356 
649 |a XX 
910 |a Fondo General 
920 |a Impresos - Libros 
930 |a Colección General 
905 |a 101 
901 |a 037158  |b IT1  |c ACC  |i 037158  |u 20250521 
902 |a https://opac.biblio.iteso.mx/vufind/Record/000214168